<?xml version="1.0" encoding="UTF-8"?>
<collection xmlns="http://www.loc.gov/MARC21/slim">
 <record>
  <leader>01377nam a2200349   4500</leader>
  <controlfield tag="001">DLU170180425</controlfield>
  <controlfield tag="005">##20170809</controlfield>
  <datafield tag="020" ind1="#" ind2="#">
   <subfield code="a">8935048913079</subfield>
  </datafield>
  <datafield tag="040" ind1="#" ind2="#">
   <subfield code="a">DLU</subfield>
   <subfield code="b">vie</subfield>
  </datafield>
  <datafield tag="041" ind1="#" ind2="#">
   <subfield code="a">vie</subfield>
  </datafield>
  <datafield tag="044" ind1="#" ind2="#">
   <subfield code="a">vn</subfield>
  </datafield>
  <datafield tag="082" ind1="#" ind2="#">
   <subfield code="a">001.4</subfield>
   <subfield code="b">VU-D</subfield>
  </datafield>
  <datafield tag="100" ind1="#" ind2="#">
   <subfield code="a">Vũ Cao Đàm.</subfield>
  </datafield>
  <datafield tag="245" ind1="#" ind2="#">
   <subfield code="a">Đánh giá nghiên cứu khoa học /</subfield>
   <subfield code="c">Vũ Cao Đàm.</subfield>
  </datafield>
  <datafield tag="250" ind1="#" ind2="#">
   <subfield code="a">Xuất bản lần thứ ba, có bổ sung.</subfield>
  </datafield>
  <datafield tag="260" ind1="#" ind2="#">
   <subfield code="a">H. :</subfield>
   <subfield code="b">Khoa học và Kỹ thuật,</subfield>
   <subfield code="c">2011.</subfield>
  </datafield>
  <datafield tag="300" ind1="#" ind2="#">
   <subfield code="a">256tr. ;</subfield>
   <subfield code="c">24cm.</subfield>
  </datafield>
  <datafield tag="504" ind1="#" ind2="#">
   <subfield code="a">Tài liệu tham khảo: tr.256.</subfield>
  </datafield>
  <datafield tag="505" ind1="#" ind2="#">
   <subfield code="a">Phần 1. Tổng quan các hướng nghiên cứu về đánh giá nghiên cứu khoa học -- Phần 2. Đại cương về nghiên cứu khoa học -- Phần 3. Đại cương về đánh giá nghiên cứu khoa học -- Phần 4. Thẩm định đề cương nghiên cứu -- Phần 5. Đánh giá bài báo khoa học -- Phần 6. Đánh giá kết quả nghiên cứu -- Phần 7. Đánh giá hiệu quả nghiên cứu -- Phần 8. Đánh giá hoạt động của một tổ chức nghiên cứu khoa học.</subfield>
  </datafield>
  <datafield tag="650" ind1="#" ind2="#">
   <subfield code="a">Khoa học</subfield>
   <subfield code="x">Phương pháp luận.</subfield>
  </datafield>
  <datafield tag="923" ind1="#" ind2="#">
   <subfield code="a">05/2016</subfield>
  </datafield>
  <datafield tag="991" ind1="#" ind2="#">
   <subfield code="a">SH</subfield>
  </datafield>
  <datafield tag="992" ind1="#" ind2="#">
   <subfield code="a">67000</subfield>
  </datafield>
  <datafield tag="993" ind1="#" ind2="#">
   <subfield code="a">2011</subfield>
  </datafield>
  <datafield tag="994" ind1="#" ind2="#">
   <subfield code="a">DLU</subfield>
  </datafield>
  <datafield tag="900" ind1="#" ind2="#">
   <subfield code="a">True</subfield>
  </datafield>
  <datafield tag="911" ind1="#" ind2="#">
   <subfield code="a">Nguyễn Thanh Hương</subfield>
  </datafield>
  <datafield tag="925" ind1="#" ind2="#">
   <subfield code="a">G</subfield>
  </datafield>
  <datafield tag="926" ind1="#" ind2="#">
   <subfield code="a">A</subfield>
  </datafield>
  <datafield tag="927" ind1="#" ind2="#">
   <subfield code="a">SH</subfield>
  </datafield>
  <datafield tag="980" ind1="#" ind2="#">
   <subfield code="a">Thư viện Trường Đại học Đà Lạt</subfield>
  </datafield>
 </record>
</collection>
